| 000 | 00397nam a22001457a 4500 | ||
|---|---|---|---|
| 999 |
_c7782 _d7783 |
||
| 008 | 190404b ||||| |||| 00| 0 eng d | ||
| 020 | _a8171797873 | ||
| 082 | _a612.2 C55r 2000 | ||
| 100 | _aChowdhury, Sunanda S.Roy | ||
| 245 | _aRespiratory Nursing Care ; | ||
| 250 | _a1st ed. | ||
| 260 |
_aNew Delhi ; _bJaypee Brothers Medical Publishers, _c2000. |
||
| 300 |
_a138 p. _c21 cm. |
||
| 942 | _2ddc | ||